00319nam a2200097Ia 4500008004100000020001800041245011100059250001100170260002500181300001500206180116s9999 xx 000 0 und d a9781496320575 cDavid E. Golan, Ehrin J. ArmstrongaPrinciples of Pharmacology: The pathophysiologic Basis of drug therapy a4th ed bWolters Kluwerc2017 a1020 pages